Internetové obchodovanie s potravinami bakalárska práca

Enregistré dans:
Détails bibliographiques
Auteur principal: Stropkay, Matúš
Collectivité auteur: Podnikovohospodárska fakulta EU so sídlom v Košiciach. Katedra obchodného podnikania
Autres auteurs: Dudáš-Pajerská, Erika, 1988-
Format: Livre
Langue:slovaque
Publié: Košice 2019
Tags: Ajouter un tag
Pas de tags, Soyez le premier à ajouter un tag!

MARC

LEADER 00000nbm a2200000 4500
001 0256395
005 20191001085410.9
041 0 |a slo 
044 |a SK 
245 1 0 |a Internetové obchodovanie s potravinami  |b bakalárska práca  |c Matúš Stropkay ; školiteľ: Erika Dudáš Pajerská 
264 1 |a Košice  |c 2019 
300 |a 49 s. 
100 1 |a Stropkay, Matúš 
700 1 |a Dudáš-Pajerská, Erika, 1988- 
710 2 |a Podnikovohospodárska fakulta EU so sídlom v Košiciach. Katedra obchodného podnikania